| 000 | 00457nam a22001817a 4500 | ||
|---|---|---|---|
| 003 | NUST - PNEC | ||
| 005 | 20170116181029.0 | ||
| 008 | 150919b xxu||||| |||| 00| 0 eng d | ||
| 020 | _a0072865164 | ||
| 040 | _cLIBRARY | ||
| 082 | _a621.395 MAR | ||
| 100 |
_910962 _aMarcovitz, Alan B. |
||
| 245 |
_aIntroduction to logic design _cAlan B. Marcovitz |
||
| 250 | _a2nd ed. | ||
| 260 | _cc.2005 | ||
| 650 |
_910963 _aLogic circuits _xME |
||
| 942 |
_2ddc _cBK |
||
| 999 |
_c67661 _d67661 |
||